000 00571nam a2200169 i 4500
001 71975
003 ES-MaACL
005 20230906171307.0
007 t|
008 040823s1953 sp ||||1| spa d
100 1 _aGil Azpeitia, Alfonso.
_956768
245 1 0 _aSobre una generalización de las integrales de Fresnel /
_cA.G. Azpeitia.
260 _aMadrid :
_b[s.n.,
_c1953] (
_fNuevas Gráficas)
300 _a22 p. ;
_c24 cm.
500 _aEs separata de: Revista Matemática Hispano-Americana, 4ª serie, t. XIII, Nº 1 y 2.
852 _aES-MaACL
_j1954-F-12
_bR.35114
999 _c71975
_d71975